000
00366nam a2200157Ia 4500
008
151213s9999 xx 000 0 und d
100
_a
Jane Austen
245
_a
Pride & Prejudice
_c
Jane Austen
250
_a
3rd
260
_a
New York
_b
Norton
_c
2001
300
_a
3144 p.
650
_a
English
650
_a
English
700
_a
Jane Austen
999
_c
2169
_d
2169